00880 2200337 4500001002100000005001700021008004100038020002200079035002400101040001200125041000800137082001000145090001600155100001400171245004000185250001000225260003700235300003300272600004100305650002600346990001700372990001700389990001700406990001700423990001700440990001700457990001700474990001700491990001700508990001700525YOGYA-0113000000006820130102154004.0 ind  a978-979-075-769-1 0010-011300000000068 aYOPDYOG aIND aR 403 aR 403 Awd K aAWDRY, W. aKamus visual anak ThomascAWDRY, W. aCet.1 aJakartabErlangga For Kidsc2010 a26 hlmbilusc25 cm (10 eks) aHandrito Danar Prabowo; Rani Nuraeni aBahas Inggris - Kamus a2930-PK/B.12 a2929-PK/B.12 a2928-PK/B.12 a2927-PK/B.12 a2926-PK/B.12 a2925-PK/B.12 a2924-PK/B.12 a2923-PK/B.12 a2922-PK/B.12 a2921-PK/B.12